000
00324nam a2200157Ia 4500
100
_a
Stallings/William
250
_a
2
942
_c
BK
366
_f
15
654
_a
network
245
_a
Network Security Essentials
260
_b
Person Education
_c
2000
082
_a
5.82
_b
STA
300
_a
366
546
_a
ENGLISH
999
_c
20335
_d
20335